000 00519nam a2200181Ia 4500
005 20240229104209.0
008 231207s9999 xx 000 0 und d
020 _a9789812456700
040 _cNCA Library
082 _a728
_bKRA
100 _aKrauel, Jacobo
245 0 _aSustainable residential architecture
_c Jacobo Krauel
260 _bPage One Publishing
_aSingapore
_c2008
300 _a239p
_bill
546 _aEnglish
650 _aResidential architecture, Sustainable architecture, Housing
942 _cREF
999 _c28667
_d28667